000 00901nam a2200241Ia 4500
003 OSt
005 20220923221337.0
006 a|||||r|||| 00| 0
007 ta
008 220922b |||||||| |||| 00| 0 hin d
024 _a197,300
037 _cTextual
040 _aARTS
_cARTS
_bhin
041 _2hin
_ahin
082 _aO152,6N9x, M5
100 _aजैेन, निर्मला, संपा.
245 0 _aआधुनिक हिन्दी समीक्षा
_b समीक्षात्मक निबन्ध-संग्रह
246 _aĀdhunik hindī samīkṣhā: samīkṣhātmak nibandha-sangraha
260 _aनई दिल्ली
_b साहित्य अकादेमी
_c1985
300 _a206पृ.
_ccm.
942 _hO152,6N9x, M5
_cTEXL
_2CC
999 _c349171
_d349171